| 000 | 00788nam a2200265Ia 4500 | ||
|---|---|---|---|
| 008 | 160901s9999 xx 000 0 und d | ||
| 020 | _a978-128-5113-06-7 | ||
| 050 | _aComSc HF 5548.4 | ||
| 050 | _b.M525S54 2012 c.1 | ||
| 100 | _aShelly, Gary B. | ||
| 245 | _aMicrosoft Word, Excel and PowerPoint 2010 : | ||
| 245 | _bessential concepts and techniques / | ||
| 245 | _cGary B. Shelly, Misty E. Vermaat.. | ||
| 260 | _aSingapore : | ||
| 260 | _bCengage Learning Asia Pte Ltd., | ||
| 260 | _c2012 | ||
| 300 | _aQR 26 pages : | ||
| 300 | _bill. ; | ||
| 300 | _c25 cm. | ||
| 440 | _aShelly Cashman Series. | ||
| 650 | _aMicrosoft Office. | ||
| 650 | _aMicrosoft PowerPoint (Computer file). | ||
| 650 | _xMicrosoft Excel (Computer file). | ||
| 650 | _xMicrosoft Word. | ||
| 999 |
_c300899 _d300899 |
||